Streets ahead : (Record no. 4977)
[ view plain ]
| 000 -LEADER | |
|---|---|
| fixed length control field | 00635nam a2200241 a 4500 |
| 001 - CONTROL NUMBER | |
| JCCL Control Number | 4977 |
| 003 - CONTROL NUMBER IDENTIFIER | |
| JCCL marc code | BD-JhCC |
| 005 - DATE AND TIME OF LATEST TRANSACTION | |
| control field | 20171206105935.0 |
| 008 - FIXED-LENGTH DATA ELEMENTS--GENERAL INFORMATION | |
| fixed length control field | 900822s1990 enk | |||| ||eng| |
| 020 ## - INTERNATIONAL STANDARD BOOK NUMBER | |
| International Standard Book Number | 0749702974 |
| 029 ## - (OCLC) | |
| OCLC library identifier | R9031 |
| 035 ## - SYSTEM CONTROL NUMBER | |
| system control number | (BD-JhCC)4977 |
| 040 ## - CATALOGING SOURCE | |
| Original cataloging agency | BD-JhCC |
| Modifying agency | BD-JhCC |
| 041 ## - LANGUAGE CODE | |
| Language code of Book | eng |
| 082 ## - DEWEY DECIMAL CLASSIFICATION NUMBER | |
| Classification number | 823.01089282 |
| Author mark and Year | STR 1990 |
| 245 00 - TITLE STATEMENT | |
| Title | Streets ahead : |
| Remainder of title | tales of city life / |
| Statement of responsibility, etc | edited by Valerie Bierman. |
| 260 ## - PUBLICATION, DISTRIBUTION, ETC. (IMPRINT) | |
| Place of publication, distribution, etc | London : |
| Name of publisher, distributor, etc | Mammoth, |
| Date of publication, distribution, etc | 1990, c1989. |
| 300 ## - PHYSICAL DESCRIPTION | |
| Pagination | 155p ; |
| Dimensions | 18cm. |
| 500 ## - GENERAL NOTE | |
| General note | Cover title. |
| 650 ## - SUBJECT ADDED ENTRY--TOPICAL TERM | |
| Topical term or geographic name as entry element | Children's stories, English |
| 700 1# - ADDED ENTRY--PERSONAL NAME | |
| Personal name | Bierman, Valerie. |
| 942 ## - ADDED ENTRY ELEMENTS (KOHA) | |
| Source of classification or shelving scheme | Dewey Decimal Classification |
| Koha item type | Books |
| Source of classification or shelving scheme | Damaged status | Not for loan | Home library | Current library | Shelving location | Date of accession | Source of acquisition | Cost, normal purchase price | Total Checkouts | Full call number | Barcode | Date last seen | Date checked out | Copy number | Koha item type |
|---|---|---|---|---|---|---|---|---|---|---|---|---|---|---|---|
| Dewey Decimal Classification | JCC Rouf Library | JCC Rouf Library | General Stacks | 12/06/2017 | Stowe School Library | 3.00 | 1 | 823.01089282 STR 1990 | 6913 | 01/24/2024 | 01/17/2024 | C- 1 | Books |